Titres de chansons d'Ultra Vomit - Clic quiz - Statistics

General Stats
  • This quiz has been taken 111 times
    7 since last reset
  • The average score is 21 of 23
Answer Stats
Hint Answer % Correct
Je ne t'ai jamait autans ... aimer
100%
... vs. Predator Batman
100%
Mollo sur le ... caca
100%
Je collectionne des ... canards
100%
Jack ... Chirac
100%
La ... ch'nille
100%
... de metal doigts
100%
... metal évier
100%
Le train ... fantôme
100%
... (à l'instant) GPT
100%
Les bonnes ... manières
100%
Boulangerie ... pâtisserie
100%
Quand j'étais ... petit
100%
... vs Caca pipi
100%
La puissance du ... pouvoir
100%
... peinard Ricard
100%
Une ... verte souris
100%
Dead Robot ... Cop from Outer Space II zombie
100%
Un ... géant chien
75%
Le ... coq
75%
I like to ... vomit
75%
Je possède un ... cousin
50%
Super ... sexe
50%
No matching quizzes found
Score Distribution
Percent of People with Each Score
Percentile by Number Answered
Your Score History
You have not taken this quiz since the last reset